Planes that Air New Zealand Have Used - Statistics

General Stats
  • This quiz has been taken 178 times
  • The average score is 9 of 10
Answer Stats
Picture Answer % Correct
747
99%
A320
98%
737
97%
777
97%
787
95%
A321
94%
Atr 72
92%
767
91%
Dash 8
66%
Aerospace 146
50%
No matching quizzes found
Score Distribution
Percent of People with Each Score
Percentile by Number Answered
Your Score History
You have not taken this quiz